000 005670000a22001810004500
003 MACL
005 20160127134146.0
008 160127b xxu||||| |||| 00| 0 eng d
040 _aMACL
_cMACL
041 _aHindi
082 _a363.25/BAB
100 _aडॉ बसन्‍तीलाल बाबेल
_934681
245 _aन्‍यायिक विज्ञान
260 _bईस्‍टर्न बुक कम्‍पनी
_aलखनउ
_c1997
350 _a60
650 _aSocial Problem Services
_934682
942 _cHIN
_k363.25/BAB
_2ddc
999 _c30701
_d30701